00517nam a2200157 a 450000100100000000500170001000800410002704000130006808200150008124500340009626000700013030000200020004900090022095201130022999900170034200001727320200929165051.0100322s19uu dr 000 0 spa d aDO-SdBNP axxxbC614f00aClasificación del folklore. aCiudad Trujillo, República Dominicana :bLa Nación,c[19--?]. a15 p. ;c25 cm. aBNPD 0010718PDaPDbPDcCTd2010-03-22iLF1l0oxxx C614fp17273-10r2020-06-25w2020-06-25yLFPDZNo se presta c16798d16798